00929naa a2200205 i 4500001000400000003000900004005001700013008003900030040003600069080001000105100015700115245011700272500004200389650001400431650003100445700015900476773006200635942001300697999001300710877KOSZ 00520180310130015.0140930s2000 pl f |000 0 pol cKOSZ 005aKOSZ 005dKOSZ 005/HR a628.31 aPIASKOWSKI, Krzysztof.d1998 - .bPolitechnika Koszalińska - Wydział Budownictwa i Inżynierii Środowiska,cKatedra Technologii Wody i Ścieków10aZeolity naturalne i ich zastosowanie w oczyszczaniu wody i ścieków /cKrzysztof Piaskowski, Anna M. Anielak. aDane z bibliografii załącznikowej. 0aŚcieki. 0aOczyszczalnia ścieków.1 aANIELAK, Anna Maria.d1996 - 2011.bPolitechnika Koszalińska - Wydział Budownictwa i Inżynierii Środowiska,cKatedra Technologii Wody i Ścieków0 iW :tEkologia i Technika. -g2000, Vol. 8, nr 2, s. 31-41 cART2UKD c877d877